[Event "12. Kadetski festival ŠS Srbije - Z 16"]
[Site "Hotel Novi Sad - Novi Sad"]
[Date "2018.04.05"]
[Round "5.5"]
[White "Radenkovic, Mina"]
[Black "Jurisic, Iskra"]
[Result "1-0"]
[WhiteElo "1286"]
[BlackElo "1449"]
[PlyCount "81"]
[EventDate "2018.04.02"]

1. d4 Nf6 2. Nf3 g6 3. e3 Bg7 4. Be2 O-O 5. b3 d5 6. Bb2 Bf5 7. Nbd2 Nc6 8. a3
Nd7 9. c4 dxc4 10. Nxc4 b5 11. Nce5 Ndxe5 12. Nxe5 Nxe5 13. dxe5 Qxd1+ 14. Rxd1
c6 15. O-O Be6 16. b4 Rad8 17. Bf3 Rxd1 18. Rxd1 Rc8 19. Be4 c5 20. bxc5 Rxc5
21. Bd4 Rc7 22. Kf1 Rd7 23. Bc6 Rd8 24. Ke1 Bc4 25. f4 a5 26. Bc3 Rxd1+ 27.
Kxd1 a4 28. Kc2 e6 29. Bb4 f5 30. Kc3 Kf7 31. Bd6 Bh6 32. Kb4 g5 33. g3 gxf4
34. exf4 Bf8 35. Bxf8 Kxf8 36. Bxb5 Bxb5 37. Kxb5 Ke7 38. Kxa4 Kd7 39. Kb5 Kc7
40. Kc5 h5 41. h4 1-0

[Event "12. Kadetski festival ŠS Srbije - Z 14"]
[Site "Hotel Novi Sad - Novi Sad"]
[Date "2018.04.05"]
[Round "5.1"]
[White "Dimitrijevic, Andjela"]
[Black "Pavlovic, Andrea"]
[Result "1-0"]
[WhiteElo "1740"]
[BlackElo "1570"]
[PlyCount "111"]
[EventDate "2018.04.02"]

1. e4 e5 2. Bc4 Bc5 3. Nf3 Nc6 4. d3 d6 5. c3 Bg4 6. Nbd2 Nf6 7. O-O O-O 8. Re1
Ne7 9. h3 Bh5 10. Nf1 c6 11. Ng3 Qb6 12. Qe2 Qc7 13. Nxh5 Nxh5 14. Nxe5 dxe5
15. Qxh5 b5 16. Bb3 Qd6 17. Qe2 Rad8 18. Rd1 h6 19. Be3 Ng6 20. d4 Bb6 21. dxe5
Qxe5 22. Bxb6 axb6 23. Qf3 Qe7 24. Rxd8 Rxd8 25. Rd1 Rxd1+ 26. Bxd1 Ne5 27. Qe2
Ng6 28. Bb3 Qd7 29. Qd1 Qe7 30. Qe2 Qd7 31. Qg4 Qxg4 32. hxg4 Ne5 33. Bd1 Nd3
34. b3 Kf8 35. Kf1 Ke7 36. Bc2 Nf4 37. g3 Ng6 38. f4 Kd6 39. e5+ Ke7 40. Bxg6
fxg6 41. Ke2 Ke6 42. Ke3 c5 43. c4 bxc4 44. bxc4 h5 45. gxh5 gxh5 46. Ke4 g6
47. a3 Ke7 48. Kd5 Kd7 49. e6+ Ke7 50. Ke5 Ke8 51. Kd6 Kd8 52. e7+ Ke8 53. Ke6
h4 54. gxh4 b5 55. cxb5 g5 56. b6 1-0

[Event "12. Kadetski festival ŠS Srbije - Z 14"]
[Site "Hotel Novi Sad - Novi Sad"]
[Date "2018.04.05"]
[Round "5.2"]
[White "Tasic, Sofija"]
[Black "Bilic, Marijana"]
[Result "0-1"]
[WhiteElo "1407"]
[BlackElo "1804"]
[PlyCount "107"]
[EventDate "2018.04.02"]

1. e4 c5 2. Nc3 Nc6 3. f4 g6 4. Nf3 Bg7 5. Bb5 Nd4 6. O-O Nxb5 7. Nxb5 a6 8.
Nc3 e6 9. d3 Ne7 10. Qe1 O-O 11. Qh4 Nc6 12. Qxd8 Rxd8 13. Ne2 Nb4 14. Ne1 d5
15. e5 b5 16. c3 Nc6 17. d4 Bf8 18. Be3 cxd4 19. Nxd4 Na5 20. Nd3 Nc4 21. Bf2
Bb7 22. h3 Rac8 23. Kh2 Bg7 24. Rac1 Rd7 25. Rc2 Rdc7 26. Rfc1 h6 27. h4 h5 28.
Kh3 Kf8 29. g4 hxg4+ 30. Kxg4 Ke7 31. h5 gxh5+ 32. Kxh5 Rh8+ 33. Kg4 Rcc8 34.
Bh4+ Kd7 35. Re2 Rcg8 36. Bg5 Bf8 37. Rg1 Be7 38. Rg3 Rh7 39. Reg2 Bxg5 40.
fxg5 Rh1 41. a3 Rd1 42. Rf3 Rxd3 43. Rxd3 Nxe5+ 44. Kf4 Nxd3+ 45. Ke3 Ne5 46.
Kf4 Nc4 47. Nf3 Kd6 48. Re2 Bc8 49. Ne5 Nxe5 50. Rxe5 Rg6 51. Re2 f6 52. gxf6
Rxf6+ 53. Ke3 e5 54. Re1 0-1

[Event "12. Kadetski festival ŠS Srbije - Z 14"]
[Site "Hotel Novi Sad - Novi Sad"]
[Date "2018.04.05"]
[Round "5.3"]
[White "Djordjevic, Nevena"]
[Black "Stankovic, Marija"]
[Result "1-0"]
[WhiteElo "1673"]
[BlackElo "1720"]
[PlyCount "95"]
[EventDate "2018.04.02"]

1. d4 d5 2. c4 dxc4 3. Nf3 Nf6 4. e3 e6 5. Bxc4 c5 6. O-O a6 7. Bd3 Nc6 8. Nc3
Be7 9. a3 cxd4 10. exd4 O-O 11. Re1 Nd5 12. Bc2 Bf6 13. Ne4 Nce7 14. Qd3 Ng6
15. Nxf6+ Nxf6 16. h4 h5 17. Bg5 Re8 18. Ne5 Nf8 19. Qf3 Qd5 20. Be4 Qd8 21.
Bxf6 Qxf6 22. Qxh5 g6 23. Qg4 Qg7 24. Bc2 Nh7 25. Re3 Nf6 26. Qg5 Nh7 27. Qg3
Nf6 28. Rf3 Nh5 29. Qg5 Rf8 30. Qe7 Rb8 31. g4 f5 32. Qxg7+ Nxg7 33. Nxg6 Rf6
34. gxf5 exf5 35. Bb3+ Kh7 36. Ne5 Rh6 37. Kh2 Rxh4+ 38. Rh3 Rxh3+ 39. Kxh3 f4+
40. Kg2 Nf5 41. Bc2 Kg7 42. Bxf5 Bxf5 43. Kf3 Bh7 44. Kxf4 Rd8 45. Rd1 Kf6 46.
Ke3 Ke6 47. Rc1 Kd6 48. Nf7+ 1-0

[Event "12. Kadetski festival ŠS Srbije - Z 14"]
[Site "Hotel Novi Sad - Novi Sad"]
[Date "2018.04.05"]
[Round "5.4"]
[White "Dinic, Andjela"]
[Black "Ilic, Zvezdana"]
[Result "1/2-1/2"]
[WhiteElo "1608"]
[BlackElo "1626"]
[PlyCount "112"]
[EventDate "2018.04.02"]

1. e4 c5 2. c3 d6 3. d4 cxd4 4. cxd4 a6 5. Nc3 g6 6. Nf3 Bg7 7. Bc4 Nf6 8. O-O
O-O 9. Be3 Nc6 10. h3 b5 11. Bd3 Bb7 12. Rc1 Qd7 13. Re1 Rfe8 14. Qd2 Rac8 15.
Bh6 Bh8 16. Bg5 Nb4 17. Bb1 Nc6 18. Bxf6 exf6 19. Nd5 Qd8 20. Qf4 Bg7 21. a3
Na7 22. Nc3 Qd7 23. Ba2 g5 24. Qd2 h6 25. Bd5 Nc6 26. Nh2 f5 27. Bxc6 Bxc6 28.
f3 fxe4 29. fxe4 f5 30. exf5 Qxf5 31. Ng4 Bb7 32. Ne3 Qf4 33. Rcd1 Bh8 34. Nc2
Qg3 35. Qf2 Qxf2+ 36. Kxf2 Rf8+ 37. Kg1 Rce8 38. Rd2 Rxe1+ 39. Nxe1 Re8 40. Nc2
Be4 41. Re2 Bg6 42. Rxe8+ Bxe8 43. Ne2 a5 44. Kf2 Bg6 45. Ne1 Kg7 46. Ke3 Kf8
47. Nf3 Bf7 48. Nc3 Be8 49. Nd2 Bc6 50. Nde4 Ke7 51. g3 Ke6 52. g4 Kd7 53. b4
axb4 54. axb4 Ke7 55. Ne2 Kd7 56. N2g3 Ke6 1/2-1/2

[Event "12. Kadetski festival ŠS Srbije - Z 14"]
[Site "Hotel Novi Sad - Novi Sad"]
[Date "2018.04.05"]
[Round "5.5"]
[White "Carevic, Milica"]
[Black "Vukosavljevic, Tatjana"]
[Result "1-0"]
[WhiteElo "1524"]
[BlackElo "1614"]
[PlyCount "93"]
[EventDate "2018.04.02"]

1. e4 e5 2. Nf3 Nc6 3. d4 exd4 4. Nxd4 Nf6 5. Nc3 Bb4 6. Nxc6 bxc6 7. Bd3 d5 8.
exd5 cxd5 9. O-O O-O 10. Bd2 Bb7 11. f3 Rb8 12. Kh1 Bxc3 13. Bxc3 d4 14. Bxd4
a6 15. b3 Nh5 16. Qd2 Qd6 17. Qg5 Qxd4 18. Qxh5 g6 19. Qa5 c5 20. Rad1 Qe5 21.
Rfe1 Qh5 22. Be4 Bxe4 23. Rxe4 Qg5 24. Rde1 Rbd8 25. Re5 Qd2 26. Qxd2 Rxd2 27.
Rxc5 Rfd8 28. Kg1 a5 29. Kf1 Ra8 30. a4 Rad8 31. Re2 Rd1+ 32. Kf2 Rh1 33. h3
Rdd1 34. Rxa5 Rhf1+ 35. Kg3 Rd4 36. Rae5 f5 37. a5 h5 38. Kh2 h4 39. Re1 Rf2
40. R5e2 Rxe2 41. Rxe2 Rd5 42. b4 g5 43. c4 Rd4 44. Rc2 Kf7 45. a6 Ke6 46. b5
Rd8 47. b6 1-0

[Event "12. Kadetski festival ŠS Srbije - Z 14"]
[Site "Hotel Novi Sad - Novi Sad"]
[Date "2018.04.05"]
[Round "5.6"]
[White "Stosic, Anastasija"]
[Black "Micin, Mia"]
[Result "0-1"]
[WhiteElo "1433"]
[BlackElo "1581"]
[PlyCount "147"]
[EventDate "2018.04.02"]

1. d4 d5 2. e3 Nf6 3. Nf3 e6 4. b3 c5 5. c4 Be7 6. Bb2 O-O 7. Bd3 Nc6 8. O-O b6
9. Nbd2 Bb7 10. Re1 Rc8 11. Nf1 Qc7 12. dxc5 Bxc5 13. Bxf6 gxf6 14. cxd5 exd5
15. Qc2 h6 16. Rad1 Nb4 17. Bh7+ Kh8 18. Qb1 Rfd8 19. Bf5 Rb8 20. Nd4 a6 21.
Ng3 Bf8 22. Rc1 Qd6 23. Rc3 Nc6 24. Nde2 Ne7 25. Bg4 Bc8 26. Bf3 Bb7 27. Bh5
Kg8 28. Nf5 Nxf5 29. Qxf5 Bg7 30. Rd1 Qe5 31. Nd4 Rbc8 32. Rcd3 Rc7 33. Qg4 Qg5
34. Qf3 Re8 35. Bg4 Qe5 36. Nf5 Rc2 37. a4 Rc3 38. Rxc3 Qxc3 39. Nd6 Rb8 40.
Nxb7 Rxb7 41. Qxd5 Rc7 42. Qd8+ Bf8 43. h3 Rc6 44. Qd5 Rd6 45. Qb7 Rxd1+ 46.
Bxd1 Qe1+ 47. Kh2 Qxd1 48. Qxb6 Qd2 49. Qxf6 a5 50. Qf5 Qd6+ 51. g3 Qb4 52. Qd5
Qc5 53. Qe4 Qb4 54. Qd5 Qc3 55. e4 Qf3 56. Kg1 Bb4 57. Kf1 Qh1+ 58. Ke2 Qxh3
59. Qd8+ Kg7 60. Qd4+ Kg6 61. Qb6+ Qe6 62. Qxe6+ fxe6 63. f4 Kf6 64. Kf3 e5 65.
Kg4 Be1 66. Kf3 exf4 67. gxf4 h5 68. Kg2 h4 69. Kh3 Bg3 70. f5 Ke5 71. Kg4 Kxe4
72. f6 Bd6 73. Kxh4 Kf5 74. f7 0-1

[Event "12. Kadetski festival ŠS Srbije - Z 14"]
[Site "Hotel Novi Sad - Novi Sad"]
[Date "2018.04.05"]
[Round "5.7"]
[White "Palamarevic, Mina"]
[Black "Grujic, Ivana"]
[Result "1-0"]
[WhiteElo "1222"]
[BlackElo "1477"]
[PlyCount "123"]
[EventDate "2018.04.02"]

1. d4 d5 2. Bg5 Nf6 3. Bxf6 gxf6 4. e3 Nc6 5. c3 e5 6. Bd3 Be6 7. Qc2 h6 8. Ne2
a6 9. Ng3 Qd7 10. Nd2 Rg8 11. O-O-O O-O-O 12. Nb3 e4 13. Be2 Qe8 14. Rhg1 Kb8
15. Nh5 Be7 16. Nf4 Bf5 17. Nc5 Qf8 18. Qb3 Bxc5 19. dxc5 Qxc5 20. Rxd5 Rxd5
21. Qxd5 Qxd5 22. Nxd5 Bh3 23. Nxf6 Rxg2 24. Rxg2 Bxg2 25. h4 Ne7 26. Bc4 Ng6
27. h5 Ne5 28. Be2 Nd3+ 29. Bxd3 exd3 30. Kd2 Bf1 31. Ng8 f6 32. Nxh6 Be2 33.
Ng8 Bxh5 34. Nxf6 Bg6 35. Nd7+ Kc8 36. Ne5 Bh7 37. Nxd3 Kd7 38. f3 Kd6 39. e4
b6 40. Ke3 c5 41. Kf4 Ke6 42. b4 cxb4 43. cxb4 a5 44. bxa5 bxa5 45. Ke3 Kd6 46.
Kd4 a4 47. a3 Bg6 48. Nb2 Bh5 49. f4 Be8 50. f5 Ke7 51. e5 Bd7 52. e6 Bc6 53.
Ke5 Kf8 54. f6 Be8 55. Kd6 Bb5 56. f7 Be8 57. fxe8=Q+ Kxe8 58. e7 Kf7 59. Kd7
Kf6 60. e8=Q Kg7 61. Qe6 Kh7 62. Qg4 1-0

[Event "12. Kadetski festival ŠS Srbije - Z 14"]
[Site "Hotel Novi Sad - Novi Sad"]
[Date "2018.04.05"]
[Round "5.8"]
[White "Vidanovic, Branka"]
[Black "Grozdanovic, Anastasia"]
[Result "1-0"]
[WhiteElo "1180"]
[BlackElo "1625"]
[PlyCount "101"]
[EventDate "2018.04.02"]

1. d4 d5 2. Bf4 Nf6 3. e3 Bf5 4. Nf3 e6 5. Nbd2 c5 6. c3 Nc6 7. Be2 Be7 8. h3
O-O 9. Ne5 Nd7 10. Ndf3 f6 11. Nxc6 bxc6 12. Bd3 Bxd3 13. Qxd3 Nb6 14. O-O c4
15. Qc2 Bd6 16. Bxd6 Qxd6 17. e4 e5 18. Rfe1 Rae8 19. Rad1 Rf7 20. Re2 Rfe7 21.
Rde1 Re6 22. Re3 Qe7 23. R1e2 Nc8 24. exd5 cxd5 25. dxe5 Qc5 26. Qd2 fxe5 27.
Rxe5 Rxe5 28. Rxe5 Rxe5 29. Nxe5 Qd6 30. Qd4 Ne7 31. Nf3 Nc6 32. Qg4 Ne7 33.
Nd4 Qe5 34. Qe6+ Qxe6 35. Nxe6 Nc6 36. Kf1 Kf7 37. Nf4 Ne7 38. Ke2 Kf6 39. Ke3
Ke5 40. g4 g6 41. Ne2 Nc6 42. f4+ Ke6 43. Nd4+ Nxd4 44. Kxd4 h5 45. b3 cxb3 46.
axb3 h4 47. b4 a6 48. Kc5 Kf6 49. Kxd5 g5 50. fxg5+ Kxg5 51. c4 1-0

[Event "12. Kadetski festival ŠS Srbije - Z 12"]
[Site "Hotel Novi Sad - Novi Sad"]
[Date "2018.04.05"]
[Round "5.2"]
[White "Radenkovic, Mila"]
[Black "Tadic, Ana"]
[Result "1-0"]
[WhiteElo "1752"]
[BlackElo "1536"]
[PlyCount "117"]
[EventDate "2018.04.02"]

1. e4 c5 2. Nc3 Nc6 3. Nge2 g6 4. g3 Bg7 5. Bg2 d6 6. d3 Bg4 7. h3 Bd7 8. O-O
Nf6 9. Be3 O-O 10. Qd2 Rb8 11. Bh6 b5 12. Bxg7 Kxg7 13. f4 e6 14. Rf2 Qb6 15.
Raf1 Ne8 16. g4 f5 17. exf5 exf5 18. g5 Qd8 19. Nd5 b4 20. b3 Ne7 21. c4 Be6
22. Qb2+ Kg8 23. Nxe7+ Qxe7 24. Ng3 Qg7 25. Qe2 Nc7 26. h4 Rfe8 27. Qd1 Bf7 28.
Bc6 Re3 29. Kg2 Rb6 30. Qd2 Qd4 31. Bf3 Rxd3 32. Qe2 Re3 33. Qd1 Qxd1 34. Rxd1
Ne8 35. h5 Rb8 36. h6 Rd8 37. Rfd2 Re6 38. Kf2 Kf8 39. Bc6 Ke7 40. Nf1 Rc8 41.
Bd5 Rd8 42. Bxe6 Bxe6 43. Ne3 Kf7 44. Nd5 Bc8 45. Nf6 Nxf6 46. gxf6 Kxf6 47.
Rxd6+ Rxd6 48. Rxd6+ Ke7 49. Rc6 Kd7 50. Rxc5 a6 51. Ke3 Bb7 52. Kd4 Kd6 53.
Re5 Bc6 54. c5+ Kd7 55. Kc4 a5 56. Re2 Kd8 57. Re6 Kd7 58. Rf6 Kc7 59. Rf7+ 1-0

[Event "12. Kadetski festival ŠS Srbije - Z 12"]
[Site "Hotel Novi Sad - Novi Sad"]
[Date "2018.04.05"]
[Round "5.3"]
[White "Radisavljevic, Tara"]
[Black "Dakic, Marta"]
[Result "0-1"]
[WhiteElo "1491"]
[BlackElo "1615"]
[PlyCount "70"]
[EventDate "2018.04.02"]

1. e4 e5 2. Nf3 d6 3. d4 exd4 4. Nxd4 Nf6 5. Nc3 Nc6 6. Nxc6 bxc6 7. Bd3 Be7 8.
O-O O-O 9. Re1 Be6 10. Bd2 Nd7 11. a3 Ne5 12. Bf1 Nc4 13. Bxc4 Bxc4 14. Qg4 Be6
15. Qg3 Bh4 16. Qf3 Qd7 17. h3 f5 18. Qh5 Be7 19. Qe2 Bf6 20. Rad1 Rae8 21. Bf4
g5 22. Bd2 f4 23. Bc1 Be5 24. f3 h5 25. Na4 Qc8 26. Nc3 g4 27. h4 g3 28. Qd2
Qd8 29. b3 Qxh4 30. Kf1 Qh1+ 31. Ke2 Qxg2+ 32. Kd3 Qxf3+ 33. Re3 Qxe3+ 34. Qxe3
fxe3 35. Kxe3 Bxc3 0-1

[Event "12. Kadetski festival ŠS Srbije - Z 12"]
[Site "Hotel Novi Sad - Novi Sad"]
[Date "2018.04.05"]
[Round "5.4"]
[White "Jovanovic, Anja"]
[Black "Savic, Dunja"]
[Result "1/2-1/2"]
[WhiteElo "1487"]
[BlackElo "1340"]
[PlyCount "31"]
[EventDate "2018.04.02"]

1. e4 e5 2. Nf3 Nf6 3. Nc3 Nc6 4. a3 d5 5. exd5 Nxd5 6. Bb5 Nxc3 7. bxc3 Bd6 8.
h3 Bd7 9. O-O O-O 10. Re1 Re8 11. d4 e4 12. Nd2 Qg5 13. Bf1 Qg6 14. Kh1 e3 15.
fxe3 Qg3 16. Nf3 1/2-1/2